Ausgrabungen -- lebendige Geschichte /

محفوظ في:

المؤلف الرئيسي: Woolley, Leonard, 1880-1960 (مؤلف)

مؤلفون آخرون: Schulte-Herbrüggen, Hubertus., Woolley, Leonard, 1880-1960.

التنسيق: كتاب

اللغة: German
English

منشور في: Köln : M. DuMont Schauberg, [1960].

سلاسل: DuMont Dokumente ; Kultur und Geschichte. Reihe 3.

الموضوعات:

الوسوم: إضافة وسم

لا توجد وسوم, كن أول من يضع وسما على هذه التسجيلة!

رقم الطلب: CC165 .W915 1960

LEADER 01064nam a2200289K 4500
001 11084
003 OSt
005 20251104074937.0
008 130303s1960 gw ab 000 0 ger d
040 |c ARCE Library 
041 1 |a ger  |h eng 
050 4 |a CC165 .W915 1960 
100 1 |a Woolley, Leonard,  |d 1880-1960,  |e author  |9 42377 
240 1 0 |a History unearthed.  |l German  
245 1 0 |a Ausgrabungen -- lebendige Geschichte /  |c [von] Sir Leonard Woolley ; [Ünbertragung aus dem Englischen Hubertus Schulte-Herbrüggen]. 
264 1 |a Köln :  |b M. DuMont Schauberg,  |c [1960]. 
300 |a 179 pages :  |b illustrations, maps ;  |c 21 cm. 
490 1 |a DuMont Dokumente ;   |v Reihe 3. Kultur und Geschichte. 
500 |a Translation of : History unearthed. 
650 0 |a Excavations (Archaeology) 
700 1 |a Schulte-Herbrüggen, Hubertus. 
700 1 2 |a Woolley, Leonard,  |d 1880-1960.  |t History unearthed.  |9 42377 
740 0 2 |a History unearthed. 
830 0 |a DuMont Dokumente ;   |v Reihe 3.  |p Kultur und Geschichte. 
901 |a reviewed 
942 |c BK  |2 lcc 
999 |c 12576  |d 12576